NFL - 2025 Kansas City Chiefs Roster - Statistics

General Stats
  • This quiz has been taken 637 times
  • The average score is 14 of 22
Answer Stats
Hint Answer % Correct
QB Patrick Mahomes
100%
TE Travis Kelce
95%
RB Isiah Pacheco
94%
WR Xavier Worthy
92%
WR Rashee Rice
85%
DT Chris Jones
84%
C Creed Humphrey
78%
RG Trey Smith
75%
CB Trent McDuffie
72%
MLB Nick Bolton
66%
WR Deandre Hopkins
62%
DE George Karlaftis
62%
LT Joe Thuney
57%
RT Jawaan Taylor
56%
SS Justin Reid
51%
LB Leo Chenal
47%
FS Bryan Cook
43%
LB Drue Tranquill
42%
CB Jaylen Watson
41%
DE Mike Danna
32%
LG Mike Caliendo
24%
DT Tershawn Wharton
24%
No matching quizzes found
Score Distribution
Percent of People with Each Score
Percentile by Number Answered
Your Score History
You have not taken this quiz